000 00685nmc a2200277 a 4500
003 AR-BaBNM
005 20251128211056.0
008 162020s2002 ||||||||||||||000 | spa||
020 _a950-07-2201-1
040 _cAR-BaBNM
100 1 _aKaufman, Ruth
245 1 0 _aLos Rimaqué
260 _aBuenos Aires
_bSudamericana
_c2002
300 0 _a59 p.
_bil.
490 0 _aPan flauta
_vv. 66
650 4 _aLITERATURA ARGENTINA
650 4 _aCUENTOS DE ANIMALES
650 4 _aLIBROS PARA NINOS
650 4 _aLITERATURA INFANTIL
650 4 _aPOESIA
655 _aLITERATURA
700 1 _aRoldán, Daniel
_eilustrador
800 0 _aCanela
942 _cBK
998 _cmartín
999 _c18119
_d18119